00941nam a2200253Ia 450000500170000000800410001702000260005804000190008404100120010308200170011510000220013224500650015426000440021930000300026350400500029365000280034365100290037170000200040085000110042094200070043199900170043895201200045595201120057520240304115744.0131103s9999 xx 000 0 und d a818925300XcRs.125.00 aLoreto College aEnglish a371.26 bGAR aGarrett, Henry E. aStatistics in Psychology and Education, cHenry E. Garrett aNew DelhibParagon International c2009 axii,491pb graphs, tables aIncludes bibliographical references and index aStatistics in Education aStatistics in Psychology aWoodworth, R.S. aLCLIB  cBK c36318d86797 00102ddc4070aMAINbMAINd2013-11-04l3o371.26 GAR 47806 pB39316r2024-11-25s2024-11-11w2013-11-04yBKf 00102ddc4070aMAINbMAINcSEMd2013-11-04l0o371.26 GAR 47807pB39317r2013-11-04w2013-11-04yBKf